[Event "Asuncion La Pergola Jardin"]
[Site "Asuncion"]
[Date "2011.01.18"]
[Round "2"]
[White "Delgado Ramirez, Neuris"]
[Black "Della Morte, German"]
[Result "1/2-1/2"]
[WhiteElo "2609"]
[BlackElo "2345"]
[PlyCount "162"]
[EventDate "2011.01.17"]
[EventType "tourn"]
[EventRounds "9"]
[EventCountry "URU"]
[EventCategory "1"]
[SourceTitle "CBM 140 Extra"]
[Source "ChessBase"]
[SourceDate "2011.03.01"]
[SourceVersion "1"]
[SourceVersionDate "2011.03.01"]
[SourceQuality "1"]

1. e4 e5 2. Nf3 Nc6 3. Bb5 a6 4. Bxc6 dxc6 5. O-O f6 6. d4 exd4 7. Nxd4 c5 8.
Ne2 Qxd1 9. Rxd1 Bd7 10. Nbc3 Ne7 11. Be3 Nc6 12. Bf4 O-O-O 13. Nd5 Ne5 14. Ng3
Be6 15. Bxe5 fxe5 16. Nf5 Rd7 17. Nfe3 g6 18. Rd3 b5 19. a4 c4 20. Rdd1 Kb7 21.
axb5 axb5 22. Nf6 Rxd1+ 23. Rxd1 Bd6 24. g3 h5 25. Nfd5 c6 26. Nf6 Kc7 27. g4
Be7 28. g5 Bxf6 29. gxf6 Rf8 30. Ra1 Kb7 31. Rd1 Kc7 32. Ra1 Kb7 33. Rd1 Rxf6
34. Rd8 Bh3 35. Re8 Rd6 36. Rf8 g5 37. Rf3 g4 38. Rf7+ Kb6 39. f4 Rd2 40. fxe5
Re2 41. Nf5 Rxe4 42. Kf2 Rxe5 43. Ne3 Kc5 44. c3 Kb6 45. Rh7 Ka6 46. Rh8 Ka5
47. Ra8+ Kb6 48. Rb8+ Kc7 49. Rh8 Kd7 50. Rh7+ Ke8 51. Rh6 Kd7 52. Rh7+ Kd6 53.
Rh6+ Kc5 54. Rh8 Kb6 55. Rb8+ Kc7 56. Rh8 Kb7 57. Rh7+ Kb6 58. Rh8 Ka7 59. Rh7+
Ka6 60. Rh8 c5 61. Ra8+ Kb7 62. Rh8 Kb6 63. Rb8+ Kc6 64. Rc8+ Kb7 65. Rh8 b4
66. cxb4 cxb4 67. Nxc4 Rf5+ 68. Ke3 Rf3+ 69. Kd4 Rf2 70. Rxh5 Rxh2 71. Rg5 Rc2
72. b3 Rc3 73. Kc5 g3 74. Kxb4 Rf3 75. Ne5 Rf4+ 76. Kc5 g2 77. Rg7+ Kc8 78.
Rg8+ Kc7 79. Rg7+ Kc8 80. Rg8+ Kc7 81. Rg7+ Kc8 1/2-1/2

[Event "Asuncion La Pergola Jardin"]
[Site "Asuncion"]
[Date "2011.01.19"]
[Round "3"]
[White "Spata, German"]
[Black "Delgado Ramirez, Neuris"]
[Result "1/2-1/2"]
[WhiteElo "2330"]
[BlackElo "2609"]
[PlyCount "83"]
[EventDate "2011.01.17"]
[EventType "tourn"]
[EventRounds "9"]
[EventCountry "URU"]
[EventCategory "1"]
[SourceTitle "CBM 140 Extra"]
[Source "ChessBase"]
[SourceDate "2011.03.01"]
[SourceVersion "1"]
[SourceVersionDate "2011.03.01"]
[SourceQuality "1"]

1. Nf3 Nf6 2. e3 b6 3. b3 g6 4. Bb2 Bg7 5. Be2 O-O 6. O-O Bb7 7. c4 d5 8. cxd5
Nxd5 9. Bxg7 Kxg7 10. Nc3 Nf6 11. d4 Nbd7 12. Qd2 Rc8 13. Rfd1 c5 14. d5 a6 15.
a4 Qc7 16. Bc4 Rfd8 17. Qe2 Ne5 18. Bxa6 Bxa6 19. Qxa6 Nfg4 20. d6 Rxd6 21.
Nxe5 Rxd1+ 22. Rxd1 Nxe5 23. Nd5 Rd8 24. Nxc7 Rxd1+ 25. Qf1 Rxf1+ 26. Kxf1 c4
27. b4 Nd3 28. Ke2 Nxb4 29. Kd2 e6 30. e4 Nd3 31. Na8 Nxf2 32. Nxb6 Nxe4+ 33.
Kc2 Nc5 34. a5 e5 35. Kc3 e4 36. Nd5 f5 37. Kxc4 Na6 38. Kb5 Nb8 39. Kb6 g5 40.
Kc7 Na6+ 41. Kb6 Nb8 42. Kc7 1/2-1/2

[Event "Asuncion La Pergola Jardin"]
[Site "Asuncion"]
[Date "2011.01.20"]
[Round "4"]
[White "Delgado Ramirez, Neuris"]
[Black "Brito, Luismar Jorge"]
[Result "1-0"]
[WhiteElo "2609"]
[BlackElo "2319"]
[PlyCount "45"]
[EventDate "2011.01.17"]
[EventType "tourn"]
[EventRounds "9"]
[EventCountry "URU"]
[EventCategory "1"]
[SourceTitle "CBM 140 Extra"]
[Source "ChessBase"]
[SourceDate "2011.03.01"]
[SourceVersion "1"]
[SourceVersionDate "2011.03.01"]
[SourceQuality "1"]

1. e4 c5 2. Nf3 d6 3. d4 cxd4 4. Nxd4 Nf6 5. Nc3 e6 6. h3 a6 7. g4 Be7 8. Bg2
Qc7 9. f4 Nc6 10. Be3 Nd7 11. O-O g5 12. e5 Nxd4 13. exd6 Bxd6 14. Qxd4 Rg8 15.
fxg5 Bc5 16. Qd2 Rxg5 17. Bxc5 Qxc5+ 18. Kh1 Rg7 19. Ne4 Qe7 20. Nd6+ Kf8 21.
Rae1 Kg8 22. Nf5 Qg5 23. Nh6+ 1-0

[Event "Asuncion La Pergola Jardin"]
[Site "Asuncion"]
[Date "2011.01.21"]
[Round "5"]
[White "Kropff, Ricardo"]
[Black "Delgado Ramirez, Neuris"]
[Result "0-1"]
[WhiteElo "2294"]
[BlackElo "2609"]
[PlyCount "58"]
[EventDate "2011.01.17"]
[EventType "tourn"]
[EventRounds "9"]
[EventCountry "URU"]
[EventCategory "1"]
[SourceTitle "CBM 140 Extra"]
[Source "ChessBase"]
[SourceDate "2011.03.01"]
[SourceVersion "1"]
[SourceVersionDate "2011.03.01"]
[SourceQuality "1"]

1. d4 d5 2. c4 e5 3. dxe5 d4 4. Nf3 Nc6 5. a3 Bg4 6. Nbd2 Qe7 7. b4 O-O-O 8.
Bb2 f6 9. Qa4 Kb8 10. O-O-O a6 11. exf6 Nxf6 12. h3 Bc8 13. g3 Nd7 14. Qc2 Qf7
15. Bg2 Nde5 16. Qb3 Nxf3 17. Qxf3 Qe6 18. Rhe1 Be7 19. e4 Rhf8 20. Qe2 a5 21.
bxa5 Nxa5 22. Kb1 Qb6 23. Qd3 Rxf2 24. Bf1 Be6 25. Rc1 Bxa3 26. Qxa3 Rxd2 27.
c5 Qb3 28. Qxb3 Nxb3 29. Rcd1 Rf8 0-1

[Event "Asuncion La Pergola Jardin"]
[Site "Asuncion"]
[Date "2011.01.23"]
[Round "6"]
[White "Delgado Ramirez, Neuris"]
[Black "Catelli, Hernan"]
[Result "1/2-1/2"]
[WhiteElo "2609"]
[BlackElo "2212"]
[PlyCount "107"]
[EventDate "2011.01.17"]
[EventType "tourn"]
[EventRounds "9"]
[EventCountry "URU"]
[EventCategory "1"]
[SourceTitle "CBM 140 Extra"]
[Source "ChessBase"]
[SourceDate "2011.03.01"]
[SourceVersion "1"]
[SourceVersionDate "2011.03.01"]
[SourceQuality "1"]

1. e4 e6 2. d4 d5 3. Nd2 Nf6 4. e5 Nfd7 5. f4 c5 6. Ngf3 Nc6 7. Nb3 cxd4 8. Bd3
f5 9. O-O Nc5 10. Nxc5 Bxc5 11. a3 Bd7 12. g4 fxg4 13. Ng5 g6 14. Qxg4 Qe7 15.
b4 Bb6 16. Bd2 Nd8 17. b5 Bc5 18. Bb4 b6 19. Be1 Nf7 20. Bb4 Nh6 21. Qd1 O-O
22. Nf3 Qe8 23. a4 Nf5 24. Qe1 Be7 25. Bxe7 Qxe7 26. Bxf5 Rxf5 27. Nxd4 Rf7 28.
Qe3 Qc5 29. Rf3 a6 30. bxa6 Rxa6 31. h4 b5 32. a5 b4 33. h5 Rxa5 34. Rxa5 Qxa5
35. hxg6 hxg6 36. Rg3 Rg7 37. Qd3 Kf7 38. Kg2 Qc5 39. Rh3 Qc4 40. Qe3 Kg8 41.
Qf2 g5 42. fxg5 Rxg5+ 43. Kh2 Qc7 44. Nf3 Rg7 45. Rh4 Ba4 46. Rxb4 Bxc2 47. Qb6
Bf5 48. Qb8+ Qxb8 49. Rxb8+ Kh7 50. Nd4 Rg4 51. Nxf5 exf5 52. Rd8 d4 53. e6 Re4
54. e7 1/2-1/2

[Event "Asuncion La Pergola Jardin"]
[Site "Asuncion"]
[Date "2011.01.24"]
[Round "7"]
[White "Zacarias, M Ruben D"]
[Black "Delgado Ramirez, Neuris"]
[Result "0-1"]
[WhiteElo "2184"]
[BlackElo "2609"]
[PlyCount "116"]
[EventDate "2011.01.17"]
[EventType "tourn"]
[EventRounds "9"]
[EventCountry "URU"]
[EventCategory "1"]
[SourceTitle "CBM 140 Extra"]
[Source "ChessBase"]
[SourceDate "2011.03.01"]
[SourceVersion "1"]
[SourceVersionDate "2011.03.01"]
[SourceQuality "1"]

1. e4 c5 2. Nf3 d6 3. d4 cxd4 4. Nxd4 Nf6 5. Nc3 a6 6. Bg5 e6 7. f4 Nbd7 8. Qe2
h6 9. Bh4 e5 10. Nf5 exf4 11. Bxf6 Nxf6 12. O-O-O Qa5 13. Nxd6+ Bxd6 14. Rxd6
Qe5 15. Qd2 Be6 16. Be2 O-O 17. Qd4 Qxd4 18. Rxd4 g5 19. Nd5 Kg7 20. c4 Rae8
21. Bd3 Ng4 22. Kd2 Ne5 23. Be2 Nc6 24. Rd3 Bc8 25. Nc3 f5 26. exf5 Bxf5 27.
Rd5 Nb4 28. Rd6 Rd8 29. Rxd8 Rxd8+ 30. Kc1 g4 31. Rf1 Rd4 32. b3 Kf6 33. a3 Nc6
34. Bd1 Bd3 35. Be2 Kg5 36. Bxd3 Rxd3 37. Kc2 Re3 38. b4 Ne5 39. c5 f3 40. g3
Kf5 41. a4 Nc6 42. Kd2 Re5 43. b5 axb5 44. axb5 Na5 45. c6 bxc6 46. bxc6 Nxc6
47. Re1 Rc5 48. Re8 Ne5 49. Rf8+ Ke6 50. Ne4 Rd5+ 51. Ke3 Rd3+ 52. Kf2 Kd5 53.
Rf4 h5 54. Nf6+ Ke6 55. Ne4 Ra3 56. Rf8 Ra2+ 57. Kg1 Rg2+ 58. Kh1 Re2 0-1

[Event "Asuncion La Pergola Jardin"]
[Site "Asuncion"]
[Date "2011.01.25"]
[Round "8"]
[White "Delgado Ramirez, Neuris"]
[Black "Vazquez, Guillermo"]
[Result "1-0"]
[WhiteElo "2609"]
[BlackElo "2168"]
[PlyCount "59"]
[EventDate "2011.01.17"]
[EventType "tourn"]
[EventRounds "9"]
[EventCountry "URU"]
[EventCategory "1"]
[SourceTitle "CBM 140 Extra"]
[Source "ChessBase"]
[SourceDate "2011.03.01"]
[SourceVersion "1"]
[SourceVersionDate "2011.03.01"]
[SourceQuality "1"]

1. e4 c5 2. Nf3 Nc6 3. Bb5 g6 4. c3 Bg7 5. d4 cxd4 6. cxd4 Nf6 7. Nc3 d5 8. Ne5
Bd7 9. Nxd7 Qxd7 10. e5 Ng8 11. Be2 a6 12. Na4 Qc7 13. Be3 e6 14. O-O Nge7 15.
g4 O-O 16. Rc1 Rfc8 17. f4 Qa5 18. a3 b5 19. Nc5 Ra7 20. Bd3 b4 21. a4 Qb6 22.
b3 f6 23. Qe2 fxe5 24. fxe5 Nb8 25. Qf2 Rf8 26. Qh4 Rxf1+ 27. Rxf1 Nbc6 28.
Nxe6 Nxe5 29. Nxg7 Nxd3 30. Ne8 1-0

[Event "Asuncion La Pergola Jardin"]
[Site "Asuncion"]
[Date "2011.01.26"]
[Round "9"]
[White "Villalba, Marcelo"]
[Black "Delgado Ramirez, Neuris"]
[Result "1/2-1/2"]
[WhiteElo "2149"]
[BlackElo "2609"]
[PlyCount "52"]
[EventDate "2011.01.17"]
[EventType "tourn"]
[EventRounds "9"]
[EventCountry "URU"]
[EventCategory "1"]
[SourceTitle "CBM 140 Extra"]
[Source "ChessBase"]
[SourceDate "2011.03.01"]
[SourceVersion "1"]
[SourceVersionDate "2011.03.01"]
[SourceQuality "1"]

1. e4 c5 2. Nf3 d6 3. d4 cxd4 4. Nxd4 Nf6 5. Nc3 a6 6. Bg5 Nbd7 7. Bc4 e6 8. f3
b5 9. Bxe6 fxe6 10. Nxe6 Qb6 11. Nd5 Nxd5 12. Qxd5 Nb8 13. Nxf8 Rxf8 14. Qxa8
Be6 15. O-O-O Kf7 16. Rhe1 Nd7 17. Be3 Nc5 18. Qxf8+ Kxf8 19. b4 Qc7 20. bxc5
dxc5 21. f4 b4 22. f5 Bxa2 23. Bg5 Bf7 24. Rd8+ Be8 25. Red1 Kf7 26. e5 Qxe5
1/2-1/2

[Event "Asuncion Diesa Cup"]
[Site "Asuncion"]
[Date "2011.03.09"]
[Round "1"]
[White "Delgado Ramirez, Neuris"]
[Black "Latorre Lopez Moreira, Luis Matias"]
[Result "1-0"]
[WhiteElo "2594"]
[BlackElo "2141"]
[PlyCount "71"]
[EventDate "2011.03.09"]
[EventType "tourn"]
[EventRounds "9"]
[EventCountry "PAR"]
[EventCategory "2"]
[SourceTitle "CBM 141 Extra"]
[Source "ChessBase"]
[SourceDate "2011.05.03"]
[SourceVersion "1"]
[SourceVersionDate "2011.05.03"]
[SourceQuality "1"]

1. e4 e5 2. Nf3 Nc6 3. Bb5 f5 4. d3 fxe4 5. dxe4 Nf6 6. O-O Bc5 7. Bg5 d6 8.
Nc3 O-O 9. Nd5 Kh8 10. Bc4 Bg4 11. Nxf6 gxf6 12. Bh6 Na5 13. Bxf8 Nxc4 14. Bh6
Nxb2 15. Qe2 Na4 16. h3 Be6 17. Nh4 Bd4 18. Rae1 d5 19. Nf5 Bxf5 20. exf5 Qd7
21. Qh5 Nc3 22. g4 Nxa2 23. Qh4 e4 24. Be3 Bc3 25. Rd1 Nb4 26. Bd4 Qc6 27. g5
Rg8 28. g6 Rg7 29. Kh1 Bxd4 30. Rxd4 Qc3 31. Rfd1 Kg8 32. Rxe4 hxg6 33. Re3
Qxc2 34. Rde1 Nc6 35. Re8+ Kf7 36. Rf8+ 1-0

[Event "Asuncion Diesa Cup"]
[Site "Asuncion"]
[Date "2011.03.10"]
[Round "2"]
[White "Delgado Ramirez, Neuris"]
[Black "Dolezal, Cristian"]
[Result "1-0"]
[WhiteElo "2594"]
[BlackElo "2392"]
[PlyCount "51"]
[EventDate "2011.03.09"]
[EventType "tourn"]
[EventRounds "9"]
[EventCountry "PAR"]
[EventCategory "2"]
[SourceTitle "CBM 141 Extra"]
[Source "ChessBase"]
[SourceDate "2011.05.03"]
[SourceVersion "1"]
[SourceVersionDate "2011.05.03"]
[SourceQuality "1"]

1. e4 e6 2. d4 d5 3. Nc3 dxe4 4. Nxe4 Nf6 5. Nxf6+ gxf6 6. Be3 Nc6 7. Nf3 Ne7
8. Bd3 Bd7 9. c4 Bc6 10. O-O Bg7 11. Re1 O-O 12. d5 exd5 13. Bc5 Re8 14. Bxe7
Rxe7 15. Rxe7 Qxe7 16. cxd5 Bxd5 17. Bxh7+ Kxh7 18. Qxd5 c6 19. Qd3+ Kg8 20.
Re1 Qb4 21. b3 Qa5 22. Qc2 Rd8 23. h4 Qd5 24. Qc3 c5 25. Qa5 c4 26. Re8+ 1-0

[Event "Asuncion Diesa Cup"]
[Site "Asuncion"]
[Date "2011.03.11"]
[Round "3"]
[White "Perdomo, Leandro Daniel"]
[Black "Delgado Ramirez, Neuris"]
[Result "1-0"]
[WhiteElo "2382"]
[BlackElo "2594"]
[PlyCount "65"]
[EventDate "2011.03.09"]
[EventType "tourn"]
[EventRounds "9"]
[EventCountry "PAR"]
[EventCategory "2"]
[SourceTitle "CBM 141 Extra"]
[Source "ChessBase"]
[SourceDate "2011.05.03"]
[SourceVersion "1"]
[SourceVersionDate "2011.05.03"]
[SourceQuality "1"]

1. d4 Nf6 2. c4 e6 3. Nf3 Bb4+ 4. Bd2 a5 5. Qc2 d6 6. Bc3 O-O 7. a3 Bxc3+ 8.
Nxc3 Nc6 9. e3 Bd7 10. b3 Ne7 11. Be2 Bc6 12. O-O Ng6 13. b4 b6 14. b5 Bb7 15.
c5 c6 16. cxb6 cxb5 17. Nxb5 Qxb6 18. Qc7 Qxc7 19. Nxc7 Rab8 20. Nd2 Bc6 21.
Rab1 Rxb1 22. Rxb1 Rc8 23. Nb5 Bxb5 24. Bxb5 Nd5 25. Nc4 Nc3 26. Nxd6 Nxb1 27.
Nxc8 Nxa3 28. Bd3 e5 29. d5 Kf8 30. Nd6 Ke7 31. Nb7 a4 32. d6+ Ke8 33. Be4 1-0

[Event "Asuncion Diesa Cup"]
[Site "Asuncion"]
[Date "2011.03.12"]
[Round "4"]
[White "Delgado Ramirez, Neuris"]
[Black "Brito, Luismar Jorge"]
[Result "1/2-1/2"]
[WhiteElo "2594"]
[BlackElo "2297"]
[PlyCount "138"]
[EventDate "2011.03.09"]
[EventType "tourn"]
[EventRounds "9"]
[EventCountry "PAR"]
[EventCategory "2"]
[SourceTitle "CBM 141 Extra"]
[Source "ChessBase"]
[SourceDate "2011.05.03"]
[SourceVersion "1"]
[SourceVersionDate "2011.05.03"]
[SourceQuality "1"]

1. e4 c5 2. Nf3 d6 3. c3 Nf6 4. Be2 g6 5. O-O Bg7 6. Re1 O-O 7. Bf1 Nc6 8. h3
Qc7 9. d4 e5 10. dxc5 dxc5 11. Qc2 Re8 12. a4 a6 13. Na3 Na5 14. Nc4 Nxc4 15.
Bxc4 Be6 16. Qb3 Bxc4 17. Qxc4 b5 18. Qe2 c4 19. Bg5 Nd7 20. axb5 axb5 21. Rxa8
Rxa8 22. Rd1 Nc5 23. Rd5 f6 24. Be3 Bf8 25. Bxc5 Bxc5 26. Qd2 Qc6 27. g4 Re8
28. Kg2 Bf8 29. h4 h5 30. gxh5 gxh5 31. Nh2 Re7 32. Nf1 f5 33. Ng3 Rg7 34. Rxe5
fxe4 35. Qe3 Bd6 36. Qxe4 Qxe4+ 37. Rxe4 Kf7 38. Kf3 Rh7 39. Nf5 Bf8 40. Re5 b4
41. cxb4 Bxb4 42. Rb5 Bf8 43. Rb7+ Kg8 44. Rxh7 Kxh7 45. Ne3 Be7 46. Kg3 Kg6
47. f4 Bc5 48. Nxc4 Kf5 49. Kf3 Be7 50. Ne3+ Ke6 51. Ng2 Kd5 52. b3 Kd4 53. Ne3
Kd3 54. Ng2 Kd4 55. Ne3 Kd3 56. Nf5 Bf6 57. Kg2 Kc3 58. Kh3 Kxb3 59. Ng3 Kc4
60. Nxh5 Bd8 61. Ng3 Kd5 62. Kg4 Bf6 63. Nf1 Be7 64. h5 Ke6 65. h6 Ba3 66. f5+
Kf7 67. Kh5 Bc1 68. h7 Bb2 69. Kg5 Bc1+ 1/2-1/2

[Event "Asuncion Diesa Cup"]
[Site "Asuncion"]
[Date "2011.03.14"]
[Round "5"]
[White "Peralta, Eduardo"]
[Black "Delgado Ramirez, Neuris"]
[Result "0-1"]
[WhiteElo "2255"]
[BlackElo "2594"]
[PlyCount "68"]
[EventDate "2011.03.09"]
[EventType "tourn"]
[EventRounds "9"]
[EventCountry "PAR"]
[EventCategory "2"]
[SourceTitle "CBM 141 Extra"]
[Source "ChessBase"]
[SourceDate "2011.05.03"]
[SourceVersion "1"]
[SourceVersionDate "2011.05.03"]
[SourceQuality "1"]

1. e4 c5 2. Nc3 Nc6 3. f4 e6 4. Nf3 d5 5. d3 Nf6 6. e5 Nd7 7. g3 b5 8. Bg2 b4
9. Ne2 Be7 10. O-O O-O 11. Kh1 a5 12. g4 a4 13. Be3 Nb6 14. Qe1 Rb8 15. Qg3 d4
16. Bf2 b3 17. axb3 axb3 18. cxb3 Nd5 19. Nd2 Ncb4 20. Be4 Nc2 21. Ra7 Nce3 22.
Rg1 g6 23. Qh3 Kh8 24. Qh6 Rb7 25. Ra8 Re8 26. Nf3 Qd7 27. Ng5 Bxg5 28. Qxg5
Rxb3 29. f5 exf5 30. gxf5 Nxf5 31. Bxf5 Qxf5 32. Qxf5 gxf5 33. Bh4 Rb6 34. e6
Rbxe6 0-1

[Event "Asuncion Diesa Cup"]
[Site "Asuncion"]
[Date "2011.03.15"]
[Round "6"]
[White "Delgado Ramirez, Neuris"]
[Black "Riline Orso, Alejandro"]
[Result "1/2-1/2"]
[WhiteElo "2594"]
[BlackElo "2214"]
[PlyCount "128"]
[EventDate "2011.03.09"]
[EventType "tourn"]
[EventRounds "9"]
[EventCountry "PAR"]
[EventCategory "2"]
[SourceTitle "CBM 141 Extra"]
[Source "ChessBase"]
[SourceDate "2011.05.03"]
[SourceVersion "1"]
[SourceVersionDate "2011.05.03"]
[SourceQuality "1"]

1. e4 d6 2. d4 Nf6 3. Nc3 e5 4. Nf3 exd4 5. Qxd4 Be7 6. Bb5+ c6 7. Be2 O-O 8.
Bf4 Be6 9. O-O d5 10. exd5 Nxd5 11. Nxd5 Qxd5 12. c4 Qc5 13. Be3 Qxd4 14. Nxd4
Bc8 15. Bf3 Na6 16. a3 Bf6 17. Rad1 Nc7 18. b4 a6 19. Nb3 Ne6 20. Rfe1 Bb2 21.
a4 Bc3 22. Bd2 Bxd2 23. Rxd2 Ng5 24. Bd1 Bf5 25. h4 Ne4 26. Rd4 Nc3 27. g4 Be6
28. Nc5 Rfd8 29. Rxd8+ Rxd8 30. Bb3 Rd4 31. f3 h5 32. Re3 Nd1 33. Nxe6 fxe6 34.
Rxe6 hxg4 35. c5 Kf8 36. Rd6 Nc3 37. Rxd4 Ne2+ 38. Kf2 Nxd4 39. Bd1 gxf3 40. h5
Ke7 41. Ke3 f2 42. Kxf2 Kf6 43. Ke3 Ke5 44. Kd3 a5 45. bxa5 Kd5 46. Bg4 Nb3 47.
Kc3 Nxc5 48. Bc8 Nxa4+ 49. Kb4 b5 50. a6 Nb6 51. a7 Kd6 52. Bb7 Kc7 53. a8=Q
Nxa8 54. Bxa8 Kb6 55. Kc3 Kc5 56. Kd3 Kd5 57. Bb7 Kd6 58. Bc8 Ke7 59. Bf5 c5
60. Bg6 Kf8 61. Bh7 Kf7 62. Ke4 Kf8 63. Kd5 c4 64. Kc5 c3 1/2-1/2

[Event "Asuncion Diesa Cup"]
[Site "Asuncion"]
[Date "2011.03.16"]
[Round "7"]
[White "Ojeda, Javier"]
[Black "Delgado Ramirez, Neuris"]
[Result "0-1"]
[WhiteElo "2205"]
[BlackElo "2594"]
[PlyCount "84"]
[EventDate "2011.03.09"]
[EventType "tourn"]
[EventRounds "9"]
[EventCountry "PAR"]
[EventCategory "2"]
[SourceTitle "CBM 141 Extra"]
[Source "ChessBase"]
[SourceDate "2011.05.03"]
[SourceVersion "1"]
[SourceVersionDate "2011.05.03"]
[SourceQuality "1"]

1. e4 c5 2. Nf3 Nc6 3. d4 cxd4 4. Nxd4 Nf6 5. Nc3 d6 6. Bc4 e6 7. Be3 Bd7 8.
O-O Be7 9. Ndb5 Qb8 10. a4 a6 11. Nd4 Qc7 12. Be2 O-O 13. Nb3 e5 14. a5 Be6 15.
Nd5 Qd8 16. f3 Rc8 17. Qd2 Bxd5 18. exd5 Nb8 19. c4 Nbd7 20. Rfd1 Ne8 21. Rac1
f5 22. Kh1 h6 23. f4 Nef6 24. fxe5 Ne4 25. Qe1 f4 26. Bf2 Nxf2+ 27. Qxf2 Bh4
28. Qd4 Nxe5 29. Rf1 Bg5 30. Ra1 f3 31. Bxf3 Rxc4 32. Qd1 Nxf3 33. Rxf3 Rxf3
34. Qxf3 Qf6 35. Qe2 Rf4 36. Kg1 Rf5 37. Qe8+ Kh7 38. Qe4 Qe5 39. Qxe5 Rxe5 40.
Rd1 Re2 41. Rb1 Re3 42. Kh1 Kg6 0-1

[Event "Asuncion Diesa Cup"]
[Site "Asuncion"]
[Date "2011.03.17"]
[Round "8"]
[White "Delgado Ramirez, Neuris"]
[Black "Villalba, Marcelo"]
[Result "1-0"]
[WhiteElo "2594"]
[BlackElo "2184"]
[PlyCount "47"]
[EventDate "2011.03.09"]
[EventType "tourn"]
[EventRounds "9"]
[EventCountry "PAR"]
[EventCategory "2"]
[SourceTitle "CBM 141 Extra"]
[Source "ChessBase"]
[SourceDate "2011.05.03"]
[SourceVersion "1"]
[SourceVersionDate "2011.05.03"]
[SourceQuality "1"]

1. e4 e6 2. d4 d5 3. Nd2 Nf6 4. e5 Nfd7 5. f4 c5 6. c3 Nc6 7. Ndf3 a5 8. Bd3 a4
9. Ne2 a3 10. bxa3 cxd4 11. cxd4 Qa5+ 12. Nd2 Qa7 13. Nb3 Be7 14. O-O f6 15.
Kh1 O-O 16. g4 b6 17. Qc2 fxe5 18. Bxh7+ Kh8 19. Bg6 Rf6 20. g5 Rxg6 21. Qxg6
e4 22. f5 Nf8 23. Qh5+ Kg8 24. f6 1-0

[Event "Asuncion Diesa Cup"]
[Site "Asuncion"]
[Date "2011.03.18"]
[Round "9"]
[White "Vazquez, Guillermo"]
[Black "Delgado Ramirez, Neuris"]
[Result "1/2-1/2"]
[WhiteElo "2180"]
[BlackElo "2594"]
[PlyCount "85"]
[EventDate "2011.03.09"]
[EventType "tourn"]
[EventRounds "9"]
[EventCountry "PAR"]
[EventCategory "2"]
[SourceTitle "CBM 141 Extra"]
[Source "ChessBase"]
[SourceDate "2011.05.03"]
[SourceVersion "1"]
[SourceVersionDate "2011.05.03"]
[SourceQuality "1"]

1. Nf3 Nf6 2. d4 e6 3. Bg5 h6 4. Bh4 d6 5. Nbd2 g5 6. Bg3 Nh5 7. e3 Bg7 8. Bd3
c5 9. c3 Nc6 10. dxc5 Nxg3 11. hxg3 dxc5 12. Ne4 Qe7 13. Bc2 Bd7 14. Nd6+ Kf8
15. a4 Rd8 16. Nc4 a6 17. a5 Be8 18. Qe2 Qc7 19. O-O g4 20. Nfd2 h5 21. f4 gxf3
22. Rxf3 Ne5 23. Nxe5 Bxe5 24. Ne4 Qe7 25. Raf1 Kg7 26. Nf6 Bxf6 27. Rxf6 Rh6
28. Rxh6 Kxh6 29. Qf3 Rd2 30. Rf2 Rxf2 31. Kxf2 Bc6 32. Be4 Bxe4 33. Qxe4 f6
34. g4 hxg4 35. Qxg4 f5 36. Qf4+ Kg6 37. Qe5 Qd7 38. Qxc5 Qd2+ 39. Kg3 Qxb2 40.
Qe7 Qb3 41. Qe8+ Kf6 42. Qd8+ Kg6 43. Qe8+ 1/2-1/2

[Event "Asuncion 04"]
[Site "Asuncion"]
[Date "2011.04.16"]
[Round "1"]
[White "Delgado Ramirez, Neuris"]
[Black "Vazquez, Guillermo"]
[Result "1/2-1/2"]
[WhiteElo "2594"]
[BlackElo "2180"]
[PlyCount "100"]
[EventDate "2011.04.16"]
[EventType "tourn"]
[EventRounds "10"]
[EventCountry "PAR"]
[EventCategory "2"]
[SourceTitle "CBM 142 Extra"]
[Source "ChessBase"]
[SourceDate "2011.06.27"]
[SourceVersion "1"]
[SourceVersionDate "2011.06.27"]
[SourceQuality "1"]

1. e4 e6 2. d4 d5 3. Nd2 c5 4. Ngf3 cxd4 5. Nxd4 Nf6 6. exd5 Qxd5 7. Nb5 Na6 8.
Nc3 Qd8 9. g3 Bd7 10. Bg2 Qc7 11. O-O Bc6 12. Nf3 Rd8 13. Qe2 Be7 14. Nb5 Qb6
15. a4 O-O 16. Be3 Bc5 17. Bg5 Nb4 18. Ne5 Bxg2 19. Kxg2 a6 20. Na3 Nc6 21.
Nec4 Qc7 22. c3 Rd7 23. b4 Ba7 24. b5 Ne7 25. Bf4 Qc8 26. Ne5 Rdd8 27. c4 h6
28. Nc2 Nf5 29. Rad1 Bc5 30. g4 Nd4 31. Nxd4 Bxd4 32. h3 Rfe8 33. Bg3 Qc5 34.
f4 Nd7 35. Rxd4 Qxd4 36. Rd1 Qxd1 37. Qxd1 Nxe5 38. Qc2 Nd3 39. c5 axb5 40.
axb5 e5 41. fxe5 Rxe5 42. c6 Rc5 43. Qe2 bxc6 44. b6 Rb5 45. Qe7 Rf8 46. b7 Nc5
47. Bd6 Ne6 48. Qd7 Rd8 49. Qxc6 Rxb7 50. Qxb7 Rxd6 1/2-1/2

[Event "Asuncion 04"]
[Site "Asuncion"]
[Date "2011.04.17"]
[Round "2"]
[White "Delgado Ramirez, Neuris"]
[Black "Kropff, Ricardo"]
[Result "1-0"]
[WhiteElo "2594"]
[BlackElo "2298"]
[PlyCount "55"]
[EventDate "2011.04.16"]
[EventType "tourn"]
[EventRounds "10"]
[EventCountry "PAR"]
[EventCategory "2"]
[SourceTitle "CBM 142 Extra"]
[Source "ChessBase"]
[SourceDate "2011.06.27"]
[SourceVersion "1"]
[SourceVersionDate "2011.06.27"]
[SourceQuality "1"]

1. e4 e5 2. Nf3 Nf6 3. Nxe5 d6 4. Nf3 Nxe4 5. d4 d5 6. Bd3 Bd6 7. Nc3 Nxc3 8.
bxc3 Bg4 9. Rb1 b6 10. h3 Bh5 11. g4 Bg6 12. Bg5 f6 13. Bxg6+ hxg6 14. Be3 Qd7
15. Qd3 Kf7 16. c4 Qe6 17. cxd5 Qxd5 18. Ke2 Nd7 19. c4 Qe6 20. Kf1 Rae8 21.
Kg2 c5 22. Rbd1 Rd8 23. d5 Qe7 24. Rde1 Qf8 25. Bd2 Re8 26. Re6 Be5 27. Ng5+
Kg8 28. Qxg6 1-0

[Event "Asuncion 04"]
[Site "Asuncion"]
[Date "2011.04.18"]
[Round "3"]
[White "Lopez, Mario Iver"]
[Black "Delgado Ramirez, Neuris"]
[Result "0-1"]
[WhiteElo "2251"]
[BlackElo "2594"]
[PlyCount "53"]
[EventDate "2011.04.16"]
[EventType "tourn"]
[EventRounds "10"]
[EventCountry "PAR"]
[EventCategory "2"]
[SourceTitle "CBM 142 Extra"]
[Source "ChessBase"]
[SourceDate "2011.06.27"]
[SourceVersion "1"]
[SourceVersionDate "2011.06.27"]
[SourceQuality "1"]

1. c4 Nf6 2. Nc3 e6 3. Nf3 Bb4 4. a3 Bxc3 5. bxc3 b6 6. g3 Bb7 7. Bg2 c5 8. O-O
Nc6 9. d3 d5 10. cxd5 Nxd5 11. Qd2 O-O 12. c4 Nde7 13. Bb2 Qd7 14. Rad1 f6 15.
Bh3 Rad8 16. e4 Ng6 17. Qc3 Qd6 18. d4 cxd4 19. Nxd4 Nxd4 20. Rxd4 Qc6 21. Bg2
Rxd4 22. Qxd4 Ne5 23. Rc1 Rc8 24. f3 Qc7 25. f4 Rd8 26. Qxd8+ Qxd8 27. fxe5 0-1